| 000 | 00851nas a2200265 4500 | ||
|---|---|---|---|
| 001 | BR0204743 | ||
| 003 | BR-BrBNA | ||
| 005 | 20231205103248.0 | ||
| 007 | ta | ||
| 008 | 230509b bl.|||p| |||| 00| 00por d | ||
| 040 |
_aBR-BrBNA _bpor _cBiblioteca Nacional de Agricultura |
||
| 041 | _a(Pt) | ||
| 072 | _aK10 | ||
| 100 | 1 | _aPortela, R.C.Q. | |
| 100 | 1 | _aSilva, I.L. | |
| 100 | 1 | _aPinã-Rodrigues, F.C.M. | |
| 245 | 1 | _aCrescimento inicial de mudas de Clitoria fairchildiana Howard e Peltophorum dubium (Sprenge)Taub em diferentes condições de sombreamento | |
| 650 | _aTAMBORIL BRAVO | ||
| 650 | _aMUDA | ||
| 650 | _aREFLORESTAMENTO | ||
| 650 | _aRIO DE JANEIRO | ||
| 773 | 0 |
_tCiência Florestal (Brazil) _xISSN 0103-9954 _g(Dec 2001), v. 11(2) p. 163-170 _wBR0204743 |
|
| 909 |
_a202311 _bLúcia _c55 _dLúcia Elande |
||
| 942 |
_2AGRIS _n0 _cANA |
||
| 999 |
_c171950 _d171950 |
||